000 00727nam a22002297a 4500
003 UA-OsUOA
001 37829
007 ta
008 20060411b un ||||| |||| 00| 0 ukr d
100 _aДерев'янкін Т
700 _aКостюшко О.
090 _a330
_bД11
942 _cSA
040 _aUA-OsUOA
_bukr
_cUA-OsUOA
_dUA-OsUOA
245 _aЦиклічна динаміка ринкового господарства у трактуваннях вітчизняних вчених-економістів кінця ХІХ-початку ХХ ст.
300 _aС.51-59
955 _a0
041 _aukr
080 _a330
773 0 _w37824
650 7 _a330 Економіка взагалі
_2UDC
999 _c323997
_d323997